<?xml version="1.0" encoding="UTF-8"?>
<record
    xmlns:xsi="http://www.w3.org/2001/XMLSchema-instance"
    xsi:schemaLocation="http://www.loc.gov/MARC21/slim http://www.loc.gov/standards/marcxml/schema/MARC21slim.xsd"
    xmlns="http://www.loc.gov/MARC21/slim">

  <leader>01160nam a22002535a 4500</leader>
  <controlfield tag="003">OSt</controlfield>
  <controlfield tag="005">20170309132750.0</controlfield>
  <controlfield tag="008">170307s2003    ua     frb    000 0 ara d</controlfield>
  <datafield tag="015" ind1=" " ind2=" ">
    <subfield code="a">2003 / 10401</subfield>
  </datafield>
  <datafield tag="020" ind1=" " ind2=" ">
    <subfield code="a">977170852X</subfield>
  </datafield>
  <datafield tag="040" ind1=" " ind2=" ">
    <subfield code="a">EG-ScBUE</subfield>
    <subfield code="b">ara</subfield>
    <subfield code="c">EG-ScBUE</subfield>
  </datafield>
  <datafield tag="043" ind1=" " ind2=" ">
    <subfield code="a">f-ua---</subfield>
  </datafield>
  <datafield tag="082" ind1="0" ind2="4">
    <subfield code="a">346.62077</subfield>
    <subfield code="b">&#x625; &#x633; &#x645;</subfield>
    <subfield code="2">22</subfield>
  </datafield>
  <datafield tag="100" ind1="1" ind2=" ">
    <subfield code="a">&#x625;&#x633;&#x645;&#x627;&#x639;&#x64A;&#x644;&#x60C; &#x641;&#x627;&#x631;&#x648;&#x642;.</subfield>
  </datafield>
  <datafield tag="245" ind1="1" ind2="0">
    <subfield code="a">&#x643;&#x64A;&#x641; &#x62A;&#x62D;&#x645;&#x64A; &#x623;&#x645;&#x648;&#x627;&#x644;&#x643; &#x639;&#x646; &#x637;&#x631;&#x64A;&#x642; &#x627;&#x644;&#x62F;&#x639;&#x648;&#x649; &#x627;&#x644;&#x628;&#x648;&#x644;&#x64A;&#x635;&#x64A;&#x629; &#x61F; /</subfield>
    <subfield code="c">&#x641;&#x627;&#x631;&#x648;&#x642; &#x625;&#x633;&#x645;&#x627;&#x639;&#x64A;&#x644;.</subfield>
  </datafield>
  <datafield tag="260" ind1=" " ind2=" ">
    <subfield code="a">&#x627;&#x644;&#x642;&#x627;&#x647;&#x631;&#x629; :</subfield>
    <subfield code="b">&#x641;&#x627;&#x631;&#x648;&#x642; &#x625;&#x633;&#x645;&#x627;&#x639;&#x64A;&#x644;&#x60C;</subfield>
    <subfield code="c">[2003]</subfield>
  </datafield>
  <datafield tag="300" ind1=" " ind2=" ">
    <subfield code="a">56 &#x635;. &#x61B;</subfield>
    <subfield code="c">24 &#x633;&#x645;.</subfield>
  </datafield>
  <datafield tag="504" ind1=" " ind2=" ">
    <subfield code="a">&#x64A;&#x634;&#x62A;&#x645;&#x644; &#x639;&#x644;&#x649; &#x625;&#x631;&#x62C;&#x627;&#x639;&#x627;&#x62A; &#x628;&#x628;&#x644;&#x64A;&#x648;&#x62C;&#x631;&#x627;&#x641;&#x64A;&#x629;.</subfield>
  </datafield>
  <datafield tag="505" ind1="0" ind2=" ">
    <subfield code="a">&#x646;&#x635;&#x648;&#x635; &#x627;&#x644;&#x642;&#x627;&#x646;&#x648;&#x646; &#x627;&#x644;&#x62D;&#x627;&#x644;&#x64A; &#x641;&#x64A; &#x627;&#x644;&#x62F;&#x639;&#x648;&#x649; &#x627;&#x644;&#x628;&#x648;&#x644;&#x64A;&#x635;&#x64A;&#x629; - &#x634;&#x631;&#x62D; &#x634;&#x631;&#x648;&#x637; &#x642;&#x628;&#x648;&#x644; &#x627;&#x644;&#x62F;&#x639;&#x648;&#x649; - &#x634;&#x631;&#x62D; &#x622;&#x62B;&#x627;&#x631; &#x627;&#x644;&#x62F;&#x639;&#x648;&#x649; - &#x633;&#x642;&#x648;&#x637; &#x627;&#x644;&#x62F;&#x639;&#x648;&#x649; - &#x623;&#x62D;&#x643;&#x627;&#x645; &#x627;&#x644;&#x646;&#x642;&#x636; &#x641;&#x64A; &#x627;&#x644;&#x62F;&#x639;&#x648;&#x649; &#x627;&#x644;&#x628;&#x648;&#x644;&#x64A;&#x635;&#x64A;&#x629; - &#x635;&#x64A;&#x63A;&#x62A;&#x627;&#x646; &#x644;&#x635;&#x62D;&#x64A;&#x641;&#x629; &#x627;&#x644;&#x62F;&#x639;&#x648;&#x649; &#x627;&#x644;&#x628;&#x648;&#x644;&#x64A;&#x635;&#x64A;&#x629;.</subfield>
  </datafield>
  <datafield tag="650" ind1=" " ind2="7">
    <subfield code="a">&#x627;&#x644;&#x645;&#x62F;&#x64A;&#x646;&#x648;&#x646; &#x648;&#x627;&#x644;&#x62F;&#x627;&#x626;&#x646;&#x648;&#x646;  </subfield>
    <subfield code="x">&#x648;&#x636;&#x639; &#x642;&#x627;&#x646;&#x648;&#x646;&#x64A;&#x60C; &#x642;&#x648;&#x627;&#x646;&#x64A;&#x646;&#x60C; &#x625;&#x644;&#x62E;.</subfield>
    <subfield code="z">&#x645;&#x635;&#x631;.</subfield>
    <subfield code="2">BUEsh</subfield>
  </datafield>
  <datafield tag="651" ind1=" " ind2=" ">
    <subfield code="2">BUEsh</subfield>
  </datafield>
  <datafield tag="653" ind1=" " ind2=" ">
    <subfield code="b">LLAAWW</subfield>
    <subfield code="c">March2017</subfield>
  </datafield>
  <datafield tag="942" ind1=" " ind2=" ">
    <subfield code="2">ddc</subfield>
  </datafield>
  <datafield tag="999" ind1=" " ind2=" ">
    <subfield code="c">24357</subfield>
    <subfield code="d">24329</subfield>
  </datafield>
  <datafield tag="952" ind1=" " ind2=" ">
    <subfield code="0">0</subfield>
    <subfield code="1">0</subfield>
    <subfield code="2">ddc</subfield>
    <subfield code="4">0</subfield>
    <subfield code="7">0</subfield>
    <subfield code="8">DarN.AR.</subfield>
    <subfield code="a">MAIN</subfield>
    <subfield code="b">MAIN</subfield>
    <subfield code="c">1ST</subfield>
    <subfield code="d">2017-03-07</subfield>
    <subfield code="e">Purchase</subfield>
    <subfield code="g">5.00</subfield>
    <subfield code="h">2815</subfield>
    <subfield code="o">346.62077 &#x625; &#x633; &#x645;</subfield>
    <subfield code="p">000041302</subfield>
    <subfield code="q">2026-05-17</subfield>
    <subfield code="r">2026-05-10 00:00:00</subfield>
    <subfield code="s">2026-05-10</subfield>
    <subfield code="v">6.25</subfield>
    <subfield code="y">BB</subfield>
  </datafield>
  <datafield tag="952" ind1=" " ind2=" ">
    <subfield code="0">0</subfield>
    <subfield code="1">0</subfield>
    <subfield code="2">ddc</subfield>
    <subfield code="4">0</subfield>
    <subfield code="7">0</subfield>
    <subfield code="8">DarN.AR.</subfield>
    <subfield code="a">MAIN</subfield>
    <subfield code="b">MAIN</subfield>
    <subfield code="c">1ST</subfield>
    <subfield code="d">2017-03-07</subfield>
    <subfield code="e">Purchase</subfield>
    <subfield code="g">5.00</subfield>
    <subfield code="h">2815</subfield>
    <subfield code="o">346.62077 &#x625; &#x633; &#x645;</subfield>
    <subfield code="p">000041303</subfield>
    <subfield code="r">2025-07-15 00:00:00</subfield>
    <subfield code="v">6.25</subfield>
    <subfield code="y">BB</subfield>
  </datafield>
</record>
